000 00569nam a2200205Ia 4500
005 20250508162418.0
008 008 250505s9999 xx 000 0 eng d
020 _a0-04370109-4
037 _aTextual
040 _aFEDL
_beng
_cFEDL
041 _aeng
_2eng
084 _a370.1, COH
_qFEDL
100 _aCohen Brenda
_9281262
245 0 _aEducation and the individual
260 _aLondon, UK
_bGeogre Allen and Unwin Ltd
_c1981
300 _a104p.
650 _aEducation - Philosophy
942 _cTEXL
_h370.1, COH
999 _c1376378
_d1376378